000 00344nam a2200133Ia 4500
008 150301s1998 xx 000 0 und d
082 _a610.7368
_bC98G
100 _aGOLD, CAROL A.
245 _aCONTEMPORARY PSYCHIATRIC MENTAL HEALTH NURSING
260 _bFA. DAVIS.
_c1998
300 _a705
650 _aPSYCHIATRIC NURSING
942 _2ddc
_cBK
999 _c6850
_d6850